| 000 | 00522cam a2200205 4500 | ||
|---|---|---|---|
| 001 | D5628 | ||
| 008 | 090401t1904 xxu||||| |||| 00| 0 eng d | ||
| 035 | _a(Sirsi) u61068 | ||
| 041 | _aeng | ||
| 050 | _a346.410434 | ||
| 100 | _aHoldsworth, W.A. | ||
| 245 | 4 | _aThe law of landlord and tenant, with a copious collection of useful forms | |
| 250 | _a48th | ||
| 260 |
_aLondon _bGeorge Routledge _c1904 |
||
| 300 | _axii. 243p. 17cm | ||
| 350 | _a0 | ||
| 700 | _aWaley, J.F (ed) | ||
| 942 | _n0 | ||
| 948 | _c04/03/1997 | ||
| 999 |
_c94290 _d94290 |
||